[Event "LSS No Engine Cup 231 Preliminary 0"]
[Site "LSS email"]
[Date "2022.11.22"]
[Round "?"]
[White "Portas, Daniel"]
[Black "Chernov, Igor"]
[Result "0-1"]
[WhiteElo "1654"]
[BlackElo "1545"]
[PlyCount "75"]
[EventDate "2022.11.22"]
[EventType "tourn (corr)"]
[EventRounds "6"]
[EventCountry "GER"]
[SourceTitle "Corr 2024"]
[Source "ChessBase"]
[SourceDate "2023.10.19"]
[SourceVersion "1"]
[SourceVersionDate "2023.10.19"]
[SourceQuality "1"]

1. e4 c5 2. Nf3 a6 3. d4 cxd4 4. Nxd4 e5 5. Nf3 Nf6 6. Nc3 Bb4 7. Bd2 d6 8. Bd3 0-0 9. h3 Be6 10. 0-0 Nbd7 11. a3 Ba5 12. b4 Bb6 13. Ng5 Rc8 14. Nxe6 fxe6 15. Bg5 Rxc3 16. Qe2 Qe7 17. Bd2 Rc7 18. c4 Bd4 19. Rac1 Rfc8 20. Rc2 b5 21. Rfc1 bxc4 22. Rxc4 Rxc4 23. Bxc4 Nb6 24. Bxa6 Rxc1+ 25. Bxc1 d5 26. exd5 exd5 27. Be3 Bxe3 28. Qxe3 d4 29. Qc1 Qd6 30. Qc5 Qxc5 31. bxc5 Nbd5 32. a4 Kf8 33. a5 Nd7 34. Bb7 Nc7 35. c6 Nc5 36. Kf1 Ke7 37. Ke1 Kd6 38. f3 0-1

[Event "OP-2022-0-05340"]
[Site "LSS email"]
[Date "2022.10.08"]
[Round "?"]
[White "Correa de Almeida, Claudio"]
[Black "Chernov, Igor"]
[Result "1/2-1/2"]
[WhiteElo "1443"]
[BlackElo "1811"]
[PlyCount "53"]
[EventDate "2022.10.07"]
[EventType "tourn (corr)"]
[EventRounds "4"]
[EventCountry "GER"]
[SourceTitle "Corr 2024"]
[Source "ChessBase"]
[SourceDate "2023.10.19"]
[SourceVersion "1"]
[SourceVersionDate "2023.10.19"]
[SourceQuality "1"]

1. Nf3 e6 2. g3 Nf6 3. Bg2 d5 4. c4 d4 5. 0-0 c5 6. e3 Nc6 7. exd4 cxd4 8. d3 Bd6 9. Bg5 h6 10. Bxf6 Qxf6 11. Nbd2 Qe7 12. a3 a5 13. Ne4 Bc7 14. b4 axb4 15. axb4 Rxa1 16. Qxa1 f5 17. Nc5 0-0 18. Nxd4 Nxd4 19. Qxd4 b6 20. Nb3 Qxb4 21. Rb1 Bd8 22. Qe3 Bg5 23. Qe1 Qxe1+ 24. Rxe1 Rd8 25. d4 Bf6 26. Ra1 e5 27. dxe5 1/2-1/2

[Event "OP-2022-0-05340"]
[Site "LSS email"]
[Date "2022.10.07"]
[Round "?"]
[White "Chernov, Igor"]
[Black "Sury, Radim"]
[Result "1/2-1/2"]
[WhiteElo "1811"]
[BlackElo "1487"]
[PlyCount "52"]
[EventDate "2022.10.07"]
[EventType "tourn (corr)"]
[EventRounds "4"]
[EventCountry "GER"]
[SourceTitle "Corr 2024"]
[Source "ChessBase"]
[SourceDate "2023.10.19"]
[SourceVersion "1"]
[SourceVersionDate "2023.10.19"]
[SourceQuality "1"]

1. e4 c5 2. c3 Nf6 3. e5 Nd5 4. Nf3 d6 5. d4 cxd4 6. cxd4 Nc6 7. Bc4 dxe5 8. dxe5 Ndb4 9. Qb3 e6 10. 0-0 Na5 11. Bb5+ Bd7 12. Qa4 Bxb5 13. Qxb5+ Nac6 14. Nc3 a6 15. Qc4 Qd3 16. Qg4 h5 17. Qh4 Be7 18. Bg5 Bxg5 19. Qxg5 Qf5 20. Qxf5 exf5 21. Rfd1 Rd8 22. Rxd8+ Nxd8 23. a3 Nd3 24. b3 Nc6 25. Rd1 Nc5 26. b4 Ne6 1/2-1/2

[Event "RUS-ch Silent"]
[Site "Zelenograd"]
[Date "2022.04.16"]
[Round "9"]
[White "Rukavishnikov, Maxim"]
[Black "Chernov, Igor"]
[Result "0-1"]
[WhiteElo "1807"]
[BlackElo "2026"]
[PlyCount "64"]
[EventDate "2022.04.09"]
[EventType "swiss"]
[EventRounds "11"]
[EventCountry "RUS"]
[SourceTitle "EXT 2023"]
[Source "ChessBase"]
[SourceDate "2022.10.05"]
[SourceVersion "1"]
[SourceVersionDate "2022.10.05"]
[SourceQuality "1"]

1. e4 c5 2. c3 d6 3. d4 Nf6 4. dxc5 Nc6 5. cxd6 Nxe4 6. Bd3 Nxd6 7. Nf3 g6 8. 0-0 Bg7 9. Bf4 0-0 10. Re1 Bg4 11. Be2 Qb6 12. Qc1 Rfe8 13. h3 Bf5 14. Nbd2 e5 15. Be3 Qc7 16. Nf1 e4 17. N3h2 Ne5 18. Rd1 Rad8 19. Bd4 b5 20. Ne3 Qe7 21. Nxf5 gxf5 22. Bc5 Qf6 23. Bxd6 Rxd6 24. Rxd6 Qxd6 25. Bxb5 Rb8 26. Be2 f4 27. Qc2 Qg6 28. Bf1 f3 29. g3 e3 30. Qxg6 hxg6 31. fxe3 Rxb2 32. a4 Bh6 0-1

[Event "RUS-ch Silent"]
[Site "Zelenograd"]
[Date "2022.04.14"]
[Round "7"]
[White "Ivanov, Nikolay A1111"]
[Black "Chernov, Igor"]
[Result "1-0"]
[WhiteElo "1779"]
[BlackElo "2026"]
[PlyCount "77"]
[EventDate "2022.04.09"]
[EventType "swiss"]
[EventRounds "11"]
[EventCountry "RUS"]
[SourceTitle "EXT 2023"]
[Source "ChessBase"]
[SourceDate "2022.10.05"]
[SourceVersion "1"]
[SourceVersionDate "2022.10.05"]
[SourceQuality "1"]

1. Nf3 Nf6 2. c4 c5 3. g3 Nc6 4. Bg2 e6 5. 0-0 d5 6. cxd5 exd5 7. d4 Bg4 8. Ne5 Bf5 9. Nxc6 bxc6 10. Nc3 Be7 11. dxc5 Rb8 12. Qa4 Qd7 13. b4 0-0 14. Bf4 Rb7 15. Rad1 Qe6 16. Rfe1 Ne4 17. Nxe4 Bxe4 18. Bxe4 dxe4 19. a3 f5 20. Qa6 Rd7 21. Rxd7 Qxd7 22. Qc4+ Kh8 23. Bd6 h6 24. Bxe7 Qxe7 25. Rd1 f4 26. Rd6 fxg3 27. hxg3 e3 28. f4 Rf6 29. Qd4 Rf5 30. Rxh6+ Kg8 31. Rd6 g5 32. Rd8+ Rf8 33. Rxf8+ Qxf8 34. Qe5 Qf7 35. Qxg5+ Kf8 36. Qd8+ Kg7 37. Qd4+ Kg6 38. Qxe3 Qd5 39. Qd3+ 1-0

[Event "RUS-ch Silent"]
[Site "Zelenograd"]
[Date "2022.04.13"]
[Round "6"]
[White "Chernov, Igor"]
[Black "Bakurov, Viacheslav"]
[Result "1-0"]
[WhiteElo "2026"]
[BlackElo "1791"]
[PlyCount "88"]
[EventDate "2022.04.09"]
[EventType "swiss"]
[EventRounds "11"]
[EventCountry "RUS"]
[SourceTitle "EXT 2023"]
[Source "ChessBase"]
[SourceDate "2022.10.05"]
[SourceVersion "1"]
[SourceVersionDate "2022.10.05"]
[SourceQuality "1"]

1. e4 e6 2. d4 d5 3. Nd2 Nf6 4. Bd3 dxe4 5. Nxe4 Nbd7 6. Nf3 Nxe4 7. Bxe4 Nf6 8. Bd3 Be7 9. 0-0 0-0 10. Re1 b6 11. c3 Bb7 12. Bf4 h6 13. Qe2 Bxf3 14. Qxf3 Bd6 15. Be5 Nh7 16. Qg3 Bxe5 17. Rxe5 Qd6 18. Rae1 Nf6 19. f4 Rad8 20. Bc2 Kh8 21. Qh3 Nd7 22. Qd3 g6 23. Rxe6 Qxf4 24. R6e4 Qf6 25. Qh3 Kg7 26. Re7 Qd6 27. R1e6 Nf6 28. Rxd6 cxd6 29. Rxa7 Rfe8 30. Qg3 g5 31. Bb3 d5 32. h3 Re2 33. Qf3 Re1+ 34. Kh2 g4 35. hxg4 Re4 36. Rb7 Nxg4+ 37. Kh3 Nf6 38. Rxb6 Nh7 39. Qh5 Nf6 40. Rxf6 Kxf6 41. Bxd5 Re3+ 42. Kh4 Rxd5 43. Qxd5 Re1 44. Qd6+ Kg7 1-0

[Event "RUS-ch Silent"]
[Site "Zelenograd"]
[Date "2022.04.13"]
[Round "5"]
[White "Mansursky, Shevket"]
[Black "Chernov, Igor"]
[Result "0-1"]
[WhiteElo "1537"]
[BlackElo "2026"]
[PlyCount "102"]
[EventDate "2022.04.09"]
[EventType "swiss"]
[EventRounds "11"]
[EventCountry "RUS"]
[SourceTitle "EXT 2023"]
[Source "ChessBase"]
[SourceDate "2022.10.05"]
[SourceVersion "1"]
[SourceVersionDate "2022.10.05"]
[SourceQuality "1"]

1. Nf3 Nf6 2. c4 e6 3. d4 b6 4. g3 Ba6 5. Nbd2 d5 6. cxd5 exd5 7. Bg2 Bd6 8. 0-0 0-0 9. Qc2 Re8 10. Re1 Rxe2 11. Rxe2 Bxe2 12. Nf1 Ba6 13. Ne5 Bb7 14. Ne3 c5 15. Nf5 cxd4 16. Nxd6 Qxd6 17. Bf4 Nbd7 18. Nxf7 Qc5 19. Qxc5 bxc5 20. Nd6 Ba6 21. b3 Be2 22. f3 Nh5 23. Bg5 Kf8 24. Kf2 d3 25. Bf1 Bxf1 26. Kxf1 h6 27. Bd2 a5 28. Re1 Nhf6 29. a4 Ra6 30. Nb5 Kf7 31. h3 c4 32. bxc4 dxc4 33. Kf2 Nd5 34. Bc3 Nxc3 35. Nxc3 Nc5 36. Re5 Rc6 37. f4 Nb3 38. Ke1 Re6 39. Re4 Rxe4+ 40. Nxe4 Ke6 41. Nc3 Kd6 42. Kf2 Kc5 43. Na2 d2 44. Ke2 Kd4 45. f5 c3 46. Kd1 Kd3 47. Nxc3 Kxc3 48. g4 Nd4 49. h4 Kd3 50. h5 Ne2 51. g5 Nc3# 0-1

[Event "RUS-ch Silent"]
[Site "Zelenograd"]
[Date "2022.04.11"]
[Round "3"]
[White "Kudriavtsev, Yury"]
[Black "Chernov, Igor"]
[Result "1-0"]
[WhiteElo "1727"]
[BlackElo "2026"]
[PlyCount "49"]
[EventDate "2022.04.09"]
[EventType "swiss"]
[EventRounds "11"]
[EventCountry "RUS"]
[SourceTitle "EXT 2023"]
[Source "ChessBase"]
[SourceDate "2022.10.05"]
[SourceVersion "1"]
[SourceVersionDate "2022.10.05"]
[SourceQuality "1"]

1. Nf3 e6 2. b3 d5 3. Bb2 Nf6 4. e3 c5 5. d4 cxd4 6. exd4 Bb4+ 7. c3 Bd6 8. Bd3 Nc6 9. 0-0 0-0 10. Re1 a6 11. Nbd2 Qc7 12. Rc1 b5 13. c4 Nb4 14. Bb1 dxc4 15. bxc4 Qa7 16. a3 Nc6 17. Qc2 Ne7 18. c5 Bf4 19. Ne4 Ned5 20. Nxf6+ Nxf6 21. d5 e5 22. Nxe5 Bxc1 23. Rxc1 g6 24. Nc6 Bf5 25. Qc3 1-0

[Event "LSS No Engine Cup 224 Preliminary 0"]
[Site "LSS email"]
[Date "2022.01.08"]
[Round "?"]
[White "Mostowik, Pawel"]
[Black "Chernov, Igor"]
[Result "1-0"]
[WhiteElo "2174"]
[BlackElo "1578"]
[PlyCount "41"]
[EventDate "2022.01.08"]
[EventType "tourn (corr)"]
[EventRounds "6"]
[EventCountry "GER"]
[SourceTitle "Corr 2024"]
[Source "ChessBase"]
[SourceDate "2023.10.19"]
[SourceVersion "1"]
[SourceVersionDate "2023.10.19"]
[SourceQuality "1"]

1. e4 e5 2. Nf3 Nf6 3. Nxe5 d6 4. Nf3 Nxe4 5. d4 d5 6. Bd3 Bd6 7. 0-0 0-0 8. c4 c6 9. Re1 Nf6 10. c5 Bc7 11. h3 b6 12. Nc3 bxc5 13. dxc5 a5 14. Nd4 Qd7 15. Bf5 Qd8 16. Bg5 Bxf5 17. Nxf5 Nbd7 18. Ne7+ Kh8 19. Nxc6 Qc8 20. Ne7 Qb7 21. c6 1-0

[Event "LSS No Engine Cup 212 Preliminary 0"]
[Site "LSS email"]
[Date "2021.01.05"]
[Round "?"]
[White "Henke, Simon"]
[Black "Chernov, Igor"]
[Result "1-0"]
[WhiteElo "2030"]
[BlackElo "1620"]
[PlyCount "55"]
[EventDate "2021.01.05"]
[EventType "tourn (corr)"]
[EventRounds "6"]
[EventCountry "GER"]
[SourceTitle "Corr 2024"]
[Source "ChessBase"]
[SourceDate "2023.10.19"]
[SourceVersion "1"]
[SourceVersionDate "2023.10.19"]
[SourceQuality "1"]

1. c4 Nf6 2. Nc3 e6 3. g3 d5 4. d4 dxc4 5. Bg2 c5 6. Qa4+ Bd7 7. Qxc4 Bc6 8. Bxc6+ Nxc6 9. dxc5 Qd4 10. Qb5 0-0-0 11. Be3 Qb4 12. Qxb4 Nxb4 13. Rc1 Nfd5 14. Nxd5 Rxd5 15. Rc4 a5 16. Nf3 Be7 17. 0-0 Rhd8 18. a3 Nc6 19. b4 axb4 20. axb4 h6 21. Kg2 f5 22. b5 Na7 23. Rb1 e5 24. Ra4 e4 25. Rxa7 exf3+ 26. Kxf3 Bxc5 27. Bxc5 Rxc5 28. Ra8+ 1-0

[Event "LSS No Engine Cup 212 Preliminary 0"]
[Site "LSS email"]
[Date "2021.01.05"]
[Round "?"]
[White "Langheld, Werner"]
[Black "Chernov, Igor"]
[Result "1-0"]
[WhiteElo "1900"]
[BlackElo "1620"]
[PlyCount "69"]
[EventDate "2021.01.05"]
[EventType "tourn (corr)"]
[EventRounds "6"]
[EventCountry "GER"]
[SourceTitle "Corr 2024"]
[Source "ChessBase"]
[SourceDate "2023.10.19"]
[SourceVersion "1"]
[SourceVersionDate "2023.10.19"]
[SourceQuality "1"]

1. e4 c5 2. b4 cxb4 3. a3 bxa3 4. Nxa3 e6 5. Nb5 Nc6 6. d4 a6 7. Bf4 d6 8. d5 e5 9. Be3 Nb8 10. Qd2 Nf6 11. Qa5 Qxa5+ 12. Rxa5 Kd7 13. g3 Ng4 14. Bb6 Nc6 15. dxc6+ bxc6 16. Na7 d5 17. Bh3 Bb4+ 18. Ke2 Bxa5 19. Bxg4+ Kd6 20. Nxc8+ Rhxc8 21. Bxa5 Rcb8 22. Nf3 Rb2 23. Bc3 Rxc2+ 24. Kd3 Rxf2 25. Bxe5+ Ke7 26. Ke3 Ra2 27. Rb1 Kf8 28. Rb7 dxe4 29. Ng5 Ra3+ 30. Kf4 Kg8 31. Be6 Rf8 32. Nxf7 h6 33. Kg4 Kh7 34. Bf5+ Kg8 35. Nxh6+ 1-0

[Event "SB-2020-0-00591"]
[Site "LSS email"]
[Date "2020.02.13"]
[Round "?"]
[White "Madrid Sole, Antonio"]
[Black "Chernov, Igor"]
[Result "1-0"]
[WhiteElo "1861"]
[BlackElo "1897"]
[PlyCount "61"]
[EventDate "2019.12.24"]
[EventType "tourn (corr)"]
[EventRounds "6"]
[EventCountry "GER"]
[SourceTitle "Corr 2022"]
[Source "ChessBase"]
[SourceDate "2021.10.24"]
[SourceVersion "1"]
[SourceVersionDate "2021.10.24"]
[SourceQuality "1"]

1. d4 Nf6 2. Nf3 e6 3. Bg5 h6 4. Bh4 c5 5. e3 cxd4 6. exd4 Qb6 7. Nbd2 Qxb2 8. Bd3 Nc6 9. Rb1 Qxa2 10. 0-0 d5 11. Bxf6 gxf6 12. Ra1 Qb2 13. c4 Qb6 14. cxd5 exd5 15. Re1+ Be6 16. Bf5 Kd7 17. Rb1 Bb4 18. Bxe6+ fxe6 19. Nb3 Qc7 20. Nc5+ Bxc5 21. dxc5 Rhe8 22. Nd4 Nxd4 23. Qxd4 Kc8 24. Qxf6 Kd7 25. Rb5 b6 26. cxb6 axb6 27. Qg7+ Kc8 28. Qxh6 Kb7 29. h4 Qd7 30. Reb1 Rad8 31. Rxb6+ 1-0

[Event "LSS No Engine Cup 196 Preliminary 0"]
[Site "LSS email"]
[Date "2019.12.19"]
[Round "?"]
[White "Schnoewitz, Brigitte"]
[Black "Chernov, Igor"]
[Result "0-1"]
[WhiteElo "1296"]
[BlackElo "1600"]
[PlyCount "36"]
[EventDate "2019.12.20"]
[EventType "tourn (corr)"]
[EventRounds "6"]
[EventCountry "GER"]
[SourceTitle "Corr 2022"]
[Source "ChessBase"]
[SourceDate "2021.10.24"]
[SourceVersion "1"]
[SourceVersionDate "2021.10.24"]
[SourceQuality "1"]

1. d4 Nf6 2. Bf4 d6 3. h3 Nbd7 4. e3 e5 5. dxe5 dxe5 6. Bh2 Bd6 7. Be2 0-0 8. Nd2 Nb6 9. Ngf3 e4 10. Bxd6 exf3 11. Bxf3 Qxd6 12. 0-0 c6 13. c3 Bf5 14. Qe2 Bd3 15. Qe1 Bxf1 16. Kxf1 Rad8 17. Rd1 Qd3+ 18. Kg1 Qc2 0-1

[Event "LSS No Engine Cup 195 Preliminary 0"]
[Site "LSS email"]
[Date "2019.11.12"]
[Round "?"]
[White "Chernov, Igor"]
[Black "Lombardi, Donato"]
[Result "1-0"]
[WhiteElo "1600"]
[BlackElo "1103"]
[PlyCount "57"]
[EventDate "2019.11.13"]
[EventType "tourn (corr)"]
[EventRounds "6"]
[EventCountry "GER"]
[SourceTitle "Corr 2022"]
[Source "ChessBase"]
[SourceDate "2021.10.24"]
[SourceVersion "1"]
[SourceVersionDate "2021.10.24"]
[SourceQuality "1"]

1. d4 e5 2. dxe5 Nc6 3. Nf3 Qe7 4. Bf4 Qb4+ 5. Bd2 Qxb2 6. Nc3 Nb4 7. Nd4 Bc5 8. Rb1 Qa3 9. Ncb5 Qa5 10. a3 Nxc2+ 11. Qxc2 Qb6 12. Nd6+ cxd6 13. Rxb6 Bxb6 14. Nf3 dxe5 15. e4 Nf6 16. Bc4 0-0 17. 0-0 d6 18. Bb4 Rd8 19. Rd1 Be6 20. Bxe6 fxe6 21. h3 Rac8 22. Qe2 Bc7 23. Rc1 a5 24. Bd2 d5 25. Ne1 Nxe4 26. Rxc7 Nxd2 27. Rxc8 Rxc8 28. Qxd2 Kf7 29. Qxa5 1-0

[Event "OP-2019-0-04756"]
[Site "LSS email"]
[Date "2019.03.28"]
[Round "?"]
[White "Chernov, Igor"]
[Black "Sofia, Gerardo"]
[Result "1-0"]
[WhiteElo "1898"]
[BlackElo "1577"]
[PlyCount "123"]
[EventDate "2019.03.21"]
[EventType "tourn (corr)"]
[EventRounds "4"]
[EventCountry "GER"]
[SourceTitle "Corr 2022"]
[Source "ChessBase"]
[SourceDate "2021.10.24"]
[SourceVersion "1"]
[SourceVersionDate "2021.10.24"]
[SourceQuality "1"]

1. e4 c6 2. d4 d5 3. Nc3 dxe4 4. Nxe4 Bf5 5. Ng3 Bg6 6. Nf3 Nd7 7. Bd3 Ngf6 8. 0-0 e6 9. Re1 Qc7 10. Bxg6 hxg6 11. Be3 Bb4 12. c3 Bd6 13. Qc2 0-0-0 14. Nf1 Kb8 15. h3 Nd5 16. Bg5 N7f6 17. c4 Nb4 18. Qc3 c5 19. a3 cxd4 20. Nxd4 Be5 21. axb4 Bxd4 22. Qb3 Rh5 23. Be3 Bxe3 24. Qxe3 b6 25. Rec1 Rh4 26. Nd2 Rd7 27. c5 Rxb4 28. cxb6 Qxb6 29. Qe5+ Qd6 30. Nc4 Qxe5 31. Nxe5 Rxb2 32. Nxd7+ Nxd7 33. Rc4 g5 34. Rg4 f6 35. f4 Rb4 36. fxg5 Rxg4 37. hxg4 Kb7 38. gxf6 gxf6 39. Kf2 Kb6 40. Re1 Nc5 41. Ke3 a5 42. Kd4 Kc6 43. g5 fxg5 44. Re5 Nb3+ 45. Kc4 Kd6 46. Rxg5 a4 47. Rb5 Nd2+ 48. Kd4 Nb3+ 49. Ke3 Ke7 50. Rb7+ Kf6 51. Ra7 Nc5 52. Ra5 Nd7 53. Rxa4 Ne5 54. Kf4 Nf7 55. g4 Kg6 56. Ra5 e5+ 57. Kg3 Kg5 58. Rb5 Kf6 59. Kh4 Nd6 60. g5+ Kf5 61. Rb8 e4 62. g6 1-0

[Event "SB-2018-0-00555"]
[Site "LSS email"]
[Date "2018.11.29"]
[Round "?"]
[White "Chernov, Igor"]
[Black "Meissner, Ruediger"]
[Result "1/2-1/2"]
[WhiteElo "1940"]
[BlackElo "2073"]
[PlyCount "73"]
[EventDate "2018.11.05"]
[EventType "tourn (corr)"]
[EventRounds "6"]
[EventCountry "GER"]
[SourceTitle "Corr 2022"]
[Source "ChessBase"]
[SourceDate "2021.10.24"]
[SourceVersion "1"]
[SourceVersionDate "2021.10.24"]
[SourceQuality "1"]

1. Nf3 d5 2. d4 c6 3. Bf4 Qb6 4. b3 Bf5 5. e3 e6 6. Bd3 Qa5+ 7. c3 Nf6 8. Bxf5 exf5 9. Qc2 g6 10. 0-0 Bg7 11. b4 Qd8 12. Nbd2 0-0 13. c4 dxc4 14. Nxc4 Nd5 15. Bd6 Re8 16. Bg3 Bf8 17. Qb3 Nd7 18. Rac1 a6 19. a3 N7f6 20. Bh4 h6 21. Bxf6 Qxf6 22. Nfe5 Bg7 23. Nd3 Rad8 24. Nc5 Re7 25. Rfe1 Rde8 26. h3 h5 27. Ne5 Qg5 28. Nf3 Qf6 29. a4 g5 30. b5 axb5 31. axb5 g4 32. Ne5 gxh3 33. bxc6 bxc6 34. Ncd3 hxg2 35. Rxc6 Qh4 36. Kxg2 Qe4+ 37. Kg1 1/2-1/2

[Event "OP-2018-0-04675"]
[Site "LSS email"]
[Date "2018.11.22"]
[Round "?"]
[White "Sirotkin, Evgenji"]
[Black "Chernov, Igor"]
[Result "0-1"]
[WhiteElo "2042"]
[BlackElo "1940"]
[PlyCount "44"]
[EventDate "2018.11.15"]
[EventType "tourn (corr)"]
[EventRounds "4"]
[EventCountry "GER"]
[SourceTitle "Corr 2022"]
[Source "ChessBase"]
[SourceDate "2021.10.24"]
[SourceVersion "1"]
[SourceVersionDate "2021.10.24"]
[SourceQuality "1"]

1. e4 c5 2. Nf3 Nc6 3. d4 cxd4 4. Nxd4 g6 5. Nc3 Bg7 6. Be3 Nf6 7. Bc4 0-0 8. Bb3 a5 9. 0-0 a4 10. Nxa4 Nxe4 11. Nb5 d5 12. Bb6 Qd7 13. Qe2 Ne5 14. Rad1 e6 15. Bd4 Nc4 16. Bxc4 Rxa4 17. Bxg7 Kxg7 18. Bb3 Ra5 19. c4 Nc5 20. Nc3 b5 21. Nxb5 Kg8 22. Qe3 Nxb3 0-1

[Event "SB-2018-0-00522"]
[Site "LSS email"]
[Date "2018.01.23"]
[Round "?"]
[White "Chernov, Igor"]
[Black "Schubert, Steffen"]
[Result "1/2-1/2"]
[WhiteElo "2169"]
[BlackElo "1923"]
[PlyCount "70"]
[EventDate "2017.12.07"]
[EventType "tourn (corr)"]
[EventRounds "6"]
[EventCountry "GER"]
[SourceTitle "Corr 2022"]
[Source "ChessBase"]
[SourceDate "2021.10.24"]
[SourceVersion "1"]
[SourceVersionDate "2021.10.24"]
[SourceQuality "1"]

1. e4 e5 2. Nf3 Nf6 3. d4 Nxe4 4. Bd3 d5 5. Nxe5 Nd7 6. Nxd7 Bxd7 7. 0-0 Bd6 8. c4 c6 9. cxd5 cxd5 10. Nc3 Nxc3 11. bxc3 0-0 12. Qh5 f5 13. Qf3 Kh8 14. Bd2 Qc7 15. h3 Bc6 16. Rfe1 g6 17. h4 Kg7 18. h5 Rae8 19. Rxe8 Rxe8 20. g3 Qd7 21. Rb1 Qc7 22. Kg2 Qe7 23. Rh1 Qe6 24. hxg6 hxg6 25. Bh6+ Kg8 26. Bf4 Bd7 27. Bxf5 Qxf5 28. Bxd6 Rc8 29. Qe3 Qe4+ 30. Qxe4 dxe4 31. Rb1 b6 32. Rb3 Kf7 33. Be5 Be6 34. Ra3 a5 35. Bf4 Kf6 1/2-1/2

[Event "SB-2018-0-00522"]
[Site "LSS email"]
[Date "2018.01.23"]
[Round "?"]
[White "Csernus, Robert"]
[Black "Chernov, Igor"]
[Result "1-0"]
[WhiteElo "1897"]
[BlackElo "2169"]
[PlyCount "75"]
[EventDate "2017.12.07"]
[EventType "tourn (corr)"]
[EventRounds "6"]
[EventCountry "GER"]
[SourceTitle "Corr 2022"]
[Source "ChessBase"]
[SourceDate "2021.10.24"]
[SourceVersion "1"]
[SourceVersionDate "2021.10.24"]
[SourceQuality "1"]

1. d4 Nf6 2. c4 e6 3. Nf3 Bb4+ 4. Nbd2 0-0 5. a3 Be7 6. e4 d6 7. Be2 Nbd7 8. 0-0 e5 9. b4 exd4 10. Nxd4 a5 11. Bb2 Re8 12. f3 c5 13. bxc5 Nxc5 14. Nb5 Ne6 15. Nb3 Bd7 16. N3d4 Nf4 17. a4 Qb6 18. Kh1 Rac8 19. Rc1 Qc5 20. Qd2 Nxe2 21. Qxe2 h6 22. Rfd1 Red8 23. Ba3 Qe5 24. Rb1 Bf8 25. Nc2 Nh5 26. Ne3 Nf4 27. Qf2 Bc6 28. Bb2 Qh5 29. Bc3 Ra8 30. Nf5 Bd7 31. g4 Qh3 32. Rg1 Bxf5 33. gxf5 Nd3 34. Qe3 Ne5 35. Rg3 Qh5 36. Nc7 Rac8 37. Nd5 Kh8 38. f4 1-0

[Event "SB-2018-0-00522"]
[Site "LSS email"]
[Date "2018.01.23"]
[Round "?"]
[White "Sternik, Ryszard"]
[Black "Chernov, Igor"]
[Result "1/2-1/2"]
[WhiteElo "1886"]
[BlackElo "2169"]
[PlyCount "70"]
[EventDate "2017.12.07"]
[EventType "tourn (corr)"]
[EventRounds "6"]
[EventCountry "GER"]
[SourceTitle "Corr 2022"]
[Source "ChessBase"]
[SourceDate "2021.10.24"]
[SourceVersion "1"]
[SourceVersionDate "2021.10.24"]
[SourceQuality "1"]

1. e4 c5 2. Nf3 d6 3. d4 cxd4 4. Nxd4 Nf6 5. Nc3 a6 6. Be3 e5 7. Nb3 Be6 8. f3 h5 9. Qd2 Nbd7 10. 0-0-0 Be7 11. Kb1 b5 12. Nd5 Bxd5 13. exd5 Nb6 14. Bxb6 Qxb6 15. Na5 Rc8 16. Nc6 Nxd5 17. Nxe7 Nxe7 18. Qxd6 Qxd6 19. Rxd6 Nc6 20. Rd3 Ke7 21. c3 Rhd8 22. Be2 f5 23. Rhd1 g6 24. a4 bxa4 25. Ka2 Rxd3 26. Rxd3 Rb8 27. Rd2 Rb6 28. Ka3 e4 29. fxe4 fxe4 30. Kxa4 e3 31. Rd3 Rxb2 32. Rxe3+ Kf6 33. Ka3 Rd2 34. g3 Ne5 35. h3 a5 1/2-1/2